Statistics for 2017/18 Golden State Warriors Roster

Click here to take the quiz!

General Stats

  • This quiz has been taken 110 times
    (102 since last reset)
  • The average score is 10 of 15

Answer Stats

Position Player % Correct
GStephen Curry
100%
GKlay Thompson
98%
FKevin Durant
95%
FDraymond Green
92%
CZaza Pachulia
77%
GShaun Livingston
73%
FAndre Iguodala
72%
CJaVale McGee
71%
FJordan Bell
58%
GNick Young
55%
FKevon Looney
53%
GPatrick McCaw
47%
FDavid West
47%
FOmri Casspi
22%
GAntonius Cleveland
0%

Score Distribution

Percentile by Number Answered

Percent of People with Each Score

Your Score History

You have not taken this quiz since the last reset